000 01378nam a22003377a 4500
003 OSt
005 20230616142607.0
008 221006b |||||||| |||| 00| 0 eng d
040 _cBiblioteca Lado V
082 _a709.05
_bG851a
100 _9855
_aGriffin, Tim
_eeditor
245 _aArtforum/
_bInternacional/
260 _aNew York
_c2014
_bNew York editorial and business offices
300 _c26.5x27cm
_a404p.
366 _espa
490 _aSeptiembre
_v2014
_x0864-1315
505 _tLetters
505 _tCOLUMNS
_aPassages Books Film On Site Architecture Top Ten
505 _tPREVIEWS
_aFall 2014 Exhibition
505 _tFEATURES
_gAmerican Idol Jeff Koons Serra in the Desert Live and Direct Close-Up Too much Information Noa Noa on the wannsee Openning
505 _tReviews
650 _2Tesauro de Arte & Arquitectura
_aARTE COMTEMPORANEO
_9703
650 _2Tesauro de Arte & Arquitectura
_aFOTOGRAFIA
_9702
650 _2Tesauro de Arte & Arquitectura
_aARTE VISUAL
_9702
650 _2Tesauro de Arte & Arquitectura
_aLIBROS
650 _2Tesauro de Arte & Arquitectura
_aNOTICIAS
650 _2 Tesauro de Arte & Arquitectura
_aARTE INTERNACIONAL
650 _2 Tesauro de Arte & Arquitectura
_aESCULTURA
700 _aNavarreta, Jose Antonio
_eeditor
942 _2ddc
_c1
_h709.05
_iG851a
_n0
999 _c3874
_d3874